| 000 | 00798nam a22002177a 4500 | ||
|---|---|---|---|
| 003 | BD-DhUL | ||
| 005 | 20210913123014.0 | ||
| 008 | 210905s1999 bg ||||| b||| 00| 0 ben | ||
| 020 | _a9844015521 (hbk) | ||
| 040 |
_aBD-DhUL _cBD-DhUL |
||
| 082 |
_a891.444 _bRAB |
||
| 100 | 1 | _aরহমান, মনজুরুর | |
| 245 | 0 | 0 |
_aবৈশাখী মেলা ও অন্যান্য / _cমনজুরুর রহমান । |
| 260 |
_aঢাকা : _bআগামী, _c১৯৯৯। |
||
| 300 |
_a৮৮ পৃ. ; _c২২ সেমি. |
||
| 365 |
_aBDT _b100.00 |
||
| 504 | _aগ্রন্থপঞ্জিগত তথ্য সংবলিত । | ||
| 650 | 4 | _aবাংলা প্রব্ন্ধ । | |
| 650 | 4 | _aBengali literature. | |
| 942 |
_2ddc _cBK |
||
| 999 |
_c254373 _d254373 |
||